| 000 | 00416nam a2200157Ia 4500 | ||
|---|---|---|---|
| 008 | 210210b1997 xxu||||| |||| 00| 0 eng d | ||
| 020 | _a0 521 63453 9 | ||
| 082 | _a423 CAMB | ||
| 100 | _aCAMBRIDGE. | ||
| 245 | _aCambridge international dictionary of phrasal verbs. | ||
| 260 |
_aUnited Kingdom. _bNot Mentioned _c1997 |
||
| 300 | _axiii,381 | ||
| 650 | _aPhrases | ||
| 690 | _aDictionaries | ||
| 906 | _a055021 | ||
| 999 |
_c102960 _d102960 |
||